00821 a2200205 4500003000500000005001700005010001600022020002900038040000900067082001400076100002700090245004700117250001500164260005300179300003400232490003800266490004400304505025400348650001300602Nust20221013114120.0 a 75030848 a0131664700 :a013166462X cNust a574.5,KOR1 aKormondy, Edward John,10aConcepts of ecology /cEdward J. Kormondy. a2nd ed. / aEnglewood Cliffs, N.J. :bPrentice-Hall,cc1976. axiv, 238 p. :bill. ;c23 cm.0 aConcepts of modern biology series0 aPrentice-Hall biological science series aThe Nature of Ecosystems (Page-1), Energy Flow in Ecosystems (Page-10), Biogeochemical Cycles and Ecosystems (Page-41), Ecology of Populations (Page-75), The Organization and Dynamics of Ecological Communities (Page-133), Ecology and Man (Page-190). 0aEcology.